000 00720nas a2200241 4500
001 BR9213358
003 BR-BrBNA
005 20231205095252.0
007 ta
008 230509b bl.|||p| |||| 00| 00por d
040 _aBR-BrBNA
_bpor
_cBiblioteca Nacional de Agricultura
041 _a(Pt)
072 _aF02
100 1 _aRibas, L.L.F.
100 1 _aZanette, F.
245 1 _aPropagacao da macieira cv Gala atraves da cultura de meristemas
650 _aMaca
650 _aMeristema
650 _aReproducao Vegetal
773 0 _tRevista Brasileira de Fisiologia Vegetal (Brazil)
_xISSN 0103-3131
_g(Jul 1992), v. 4(1) p. 39-43
_wBR9213358
909 _a202311
_bLúcia
_c55
_dLúcia Elande
942 _2AGRIS
_n0
_cANA
999 _c149717
_d149717